000 00566nam a22001697a 4500
005 20241022145104.0
010 _aENG-142238
020 _a9788180387319
_c595.00
035 _aEN-125770
037 _bDBAD
082 _a345.405002632
245 _aThe Indian Penal Code, 1860:
_bThe Code of Criminal Procedure, 1973 The Indian Evidence Act, 1872
260 _aHaryana
_bLexis Nexis
_c2012
270 _a14th Floor, Building No. 10, Tower-B, DLF Cyber City,
_bGurgaon
_e122002
300 _a827p.
_c16cm(hb)
942 _cCH
_2ddc
_h345.405002632
_k
999 _c206576
_d206576